01004 a2200169 4500003000500000005001700005040000900022082001400031100003600045245006700081300001000148505047300158650003800631942002300669999001900692952012300711Nust20230406101737.0 cNust a954.1,RIZ aRizwanullah , Mohammad9111758 aLonely Guardian Of Khojak Pass / cLt Col Mohammad Rizwanullah a181;p aBaluchistan (Page-1), History of Baluchistan (Page-9), Sir Robert Sandeman (Page-31), Quetta (Page-53), Folklore of Baluchistan (Page-61), Water Supply in Ancient Time (Page-101), History of Quetta Water Supply 1889 to 1923 (Page-115), History of Quetta Water Supply 1923 to 1959 (Page-127), History of Quetta Water Supply 1960-1963 (Page-135), Karezes In Baluchistan (Page-153), Minutes of two Important Conferences in Connection With Quetta Water Supply (Page-161). aLonely Guardian Of Khojak9111759 2ddccBKk954.1,RIZ c187472d187472 00102ddc4070aMCSbMCScGENd2016-12-12o954.1,RIZpMCS30209r2016-12-08w2016-12-12yBKzAlmirah No.75, Shelf No.7